00262nam a22001217a 4500003000400000020002100004082001800025100001700043245003200060250000800092260003200100300000800132SGT a978-0-07-07206-6 a621.381bE17K aKALSI, H.S.  aELECTRONIC INSTRUMENTATION  a3RD aINDIA bMC GRAW HILL c2017 a829